Orientación vocacional-ocupacional con jóvenes de 11 a 15 años, implementación durante la E.G.B. 3, experiencias en la escuela primaria

Furkejuvvon:
Bibliográfalaš dieđut
Váldodahkkit: Uriel, Fabiana Edith (Dahkki), Costa, Paula Cristina (Dahkki)
Materiálatiipa: Girji
Giella:espánnjágiella
Almmustuhtton: Buenos Aires Lugar Editorial 1998
Preanttus:1a. ed
Fáttát:
Fáddágilkorat: Lasit fáddágilkoriid
Eai fáddágilkorat, Lasit vuosttaš fáddágilkora!

MARC

LEADER 00000nam a2200000 a 4500
001 UCK1734
003 CL-VaPUC
008 041126e19980210AG |||||||||||||||||spa|d
020 |a 9508920483 
082 0 4 |a 371.4  |b URI  |2 21 
100 0 |a Uriel, Fabiana Edith  |e author  |9 489579 
700 0 |a Costa, Paula Cristina  |e author  |9 489580 
245 1 0 |a Orientación vocacional-ocupacional con jóvenes de 11 a 15 años, implementación durante la E.G.B. 3, experiencias en la escuela primaria 
250 |a 1a. ed 
300 |a 109 p 
942 |c BK 
945 |d 20041126 00:00:00  |a vberengu 
260 |a Buenos Aires  |b Lugar Editorial  |c 1998 
650 0 |a Psicología educacional   |9 307830 
650 7 |a ORIENTACION EDUCACIONAL  |2 CL-VaPUC  |9 312512 
650 0 |a Orientación vocacional  |9 255692 
583 |a last modification  |c 20160907 01:25:35  |k Rodrigo Vera 
999 |c 311548  |d 311546 
952 |0 0  |1 0  |4 0  |6 371_400000000000000_URI_1998  |7 0  |8 A  |9 380998  |a BIBEDU  |b BIBEDU  |d 2019-11-21  |i 4081803  |o 371.4 URI 1998  |p 4081803  |r 2019-11-21  |w 2019-11-21  |y BK  |k EBA 
952 |0 0  |1 0  |4 0  |6 371_400000000000000_URI_1998  |7 0  |8 A  |9 380999  |a BIBEDU  |b BIBEDU  |d 2019-11-21  |i 4494296  |o 371.4 URI 1998  |p 4494296  |r 2019-11-21  |w 2019-11-21  |y BK  |k EBA